| 000 | 01508nam a22003137a 4500 | ||
|---|---|---|---|
| 003 | KOHA_MİRAKIL | ||
| 005 | 20260428083047.0 | ||
| 008 | 260427b tu ||||| |||| 00| 0 tur d | ||
| 020 | _a9786057070234 | ||
| 040 |
_aTR-AnABB _btur _cTR-AnABB |
||
| 041 | _atur | ||
| 082 |
_a364.106 095 61 _bSIK 2021 |
||
| 100 | 1 | _aŞık, Ahmet | |
| 245 | 1 | 0 |
_aDuvar : _bSedat Peker'in itiraf, ifşaat ve iddialarına ilişkin Türkiye İşçi Partisi araştırma raporu / _cAhmet Şık, Bahadır Özgür, Ertuğrul Mavioğlu, Hakkı Özdal, Timur Soykan |
| 246 | _aDuvar | ||
| 250 | _a2. basım | ||
| 260 |
_aİstanbul : _bİleri Kitaplığı Yayınevi, _c2021 |
||
| 300 |
_a517 sayfa ; _c20 cm |
||
| 490 | 0 |
_aİleri Kitaplığı Yayınevi ; _v11 |
|
| 500 | _aDizin vardır. | ||
| 505 | _aİçindekiler: Duvar - Tuğlayı Çekme Zamanı - Devletin Karanlık YÜzleri - Derin Devletin pikesi - Bir babasının oğlu daha: Süleyman Soylu - Devletin bahçesinde yetişen mafya - Adalı suikastı yıllar sonra ifşa oldu - Devlet: Uyuşturucu ticaretinin olağan şüphelisi - Türkiye kara paranın çamaşırhanesi - Avrupa'ya uzanan mafyatik ilişkiler - AKP Suriye'de cihatta - Peker: Metin Külünk dışındaki siyasilere de para verdim | ||
| 650 | 0 | 4 | _aOrganize suçlar, Türkiye |
| 700 | 1 |
_aÖzgür, Bahadır _93588 |
|
| 700 | 1 |
_aMavioğlu, Ertuğrul _93589 |
|
| 700 | 1 |
_aÖzdal, Hakkı _93590 |
|
| 700 | 1 |
_aSoykan, Timur _93591 |
|
| 900 | _bCan ÇELIK | ||
| 942 |
_2ddc _cBK |
||
| 999 |
_c10340 _d10340 |
||